00540 2200193 4500001002100000005001500021035002000036007000300056008004100059020001800100082001000118084001600128100002300144245005500167260004600222300002900268600003300297990001600330INLIS00000000000037620250610014330 a0010-0625000044ta250610 c 0 ind  a979-026-081-8 a297.6 a297.6 WAH b0 aWahyu Murtiningsih1 aBiografi Para Ilmuwan Muslim /cWahyu Murtiningsih aYogyakarta :bPUSTAKA INSAN MADANI,c2009 a290 hlm ;c15 cm x 21 cm 4aBiografi Para Ilmuwan Muslim a00000001311